ბათუმის შოთა რუსთაველის სახელმწიფო უნივერსიტეტის ბიბლიოთეკა

სოციალისტური რეალიზმის თეორიული ისტორია წ.2 სოციალისტური რეალიზმის განვითარების ეტაპები საქართველოში (ქართ. ლიტერატურის მაგალითზე) [2 ტომად] / (ბიბ.ჩანაწერი № 54898)

000 -ლიდერი
ფიქსირებული სიგრძის საკონტროლო ველი 02061nam a2200301Ia 4500
001 - საკონტროლო ნომერი
საკონტროლო ველი 21967
003 - საკონტროლო ნომრის იდენტიფიკატორი
საკონტროლო ველი GE_BSU
005 - ბოლო ოპერაციის თარიღი და დრო
საკონტროლო ველი 20220919122731.0
008 - ფიქსირებული სიგრძის მონაცემთა ელემენტები - ზოგადი ინფორმაცია
ფიქსირებული სიგრძის საკონტროლო ველი 181216s2010||||ge |||||||||||||| ||geo||
020 ## - წიგნის საერთაშორისო სტანდარტული ნომერი
International Standard Book Number 9789941416460
040 ## - კატალოგიზაციის წყარო
Transcribing agency GE_BSU
041 ## - ენის კოდი
Language code of text/sound track or separate title geo
080 ## - უნივერსალური ათობითი კლასიფიკაციის ინდექსი
Universal Decimal Classification number 821.353.1.02[სოციალისტური რეალიზმი] გ-24
100 ## - მთავარი ჩანაწერი - პიროვნების სახელი
Personal name გაფრინდაშვილი, ნანა
9 (RLIN) 12966
245 ## - ცნობა სათაურის შესახებ
Title სოციალისტური რეალიზმის თეორიული ისტორია წ.2 სოციალისტური რეალიზმის განვითარების ეტაპები საქართველოში (ქართ. ლიტერატურის მაგალითზე) [2 ტომად] /
Statement of responsibility, etc ნანა გაფრინდაშვილი, მარიამ მირესაშვილი, ნინო წერეთელი ; რედ. კახა ლორია.
264 ## - წარმოების, გამოცემის, დისტრიბუციის და სხვა ცნობები
გამოცემის, წარმოების, დისტრიბუციის... ადგილი თბილისი :
გამოცემის, წარმოების, დისტრიბუციის... სახელწოდება ნეკერი,
გამოცემის, წარმოების, დისტრიბუციის... თარიღი 2010.
300 ## - ფიზიკური აღწერა
Extent 227 გვ. ;
Dimensions 21 სმ.
653 ## - INDEX TERM--UNCONTROLLED
Uncontrolled term სოციალისტური რეალიზმის თეორიული ისტორია
653 ## - INDEX TERM--UNCONTROLLED
Uncontrolled term სოციალისტური რეალიზმის განვითარების ეტაპები საქართველოში
653 ## - INDEX TERM--UNCONTROLLED
Uncontrolled term ქართული ლიტერატურა
653 ## - INDEX TERM--UNCONTROLLED
Uncontrolled term ქართული ლიტერატურის ისტორია და კრიტიკა
653 ## - INDEX TERM--UNCONTROLLED
Uncontrolled term სოციალისტური რეალიზმი ქართულ ლიტერატურაში
700 ## - ADDED ENTRY--PERSONAL NAME
Personal name მირესაშვილი, მარიამ
Relator term ავტორი
9 (RLIN) 14615
700 ## - ADDED ENTRY--PERSONAL NAME
Personal name წერეთელი, ნინო
Relator term ავტორი
9 (RLIN) 14616
700 ## - ADDED ENTRY--PERSONAL NAME
Personal name ლორია, კახა
Relator term რედაქტორი
9 (RLIN) 14617
942 ## - ADDED ENTRY ELEMENTS (KOHA)
Koha item type წიგნი
Source of classification or shelving scheme
ეგზემპლარები
ჩამოწერის სტატუსი დაკარგული ეგზემპლარის სტატუსი კლასიფიკაციის წყარო ან თაროზე გაწყობის სქემა დაზიანების სტატუსი არ გაიცემა მუდმივი მდებარეობა (დაცვის ადგილი) ამჟამინდელი ადგილსამყოფელი თაროზე განთავსების ადგილი შეძენის თარიღი ღირებულება, შესყიდვის ნორმალური ფასი სრული შენახვის შიფრი შტრიხკოდი ბოლო ოპერაციის თარიღი ეგზემპლარის მიმდევრობითი ნომერი (კეტერი?) ფასის ძალაში შესვლის თარიღი ეგზემპლარის სახეობა საჯარო შენიშვნა
          ბათუმის შოთა რუსთაველის სახელმწიფო უნივერსიტეტის მთავარი ბიბლიოთეკა ბათუმის შოთა რუსთაველის სახელმწიფო უნივერსიტეტის მთავარი ბიბლიოთეკა წიგნსაცავი 2018-12-17 10.00 821.353.1.02[სოციალისტური რეალიზმი] გ-24 56704 2018-12-17 56704 2018-12-17 წიგნი 10.00₾.
          ბათუმის შოთა რუსთაველის სახელმწიფო უნივერსიტეტის მთავარი ბიბლიოთეკა ბათუმის შოთა რუსთაველის სახელმწიფო უნივერსიტეტის მთავარი ბიბლიოთეკა წიგნსაცავი 2018-12-17 10.00 821.353.1.02[სოციალისტური რეალიზმი] გ-24 56705 2018-12-17 56705 2018-12-17 წიგნი 10.00₾.